000 00798nam a2200217Ia 4500
003 GCL
008 140319s9999 xx 000 0 ara d
040 _aGCL /
_cGCL
082 0 4 _a327.1011
_bم ع
100 1 _aمركز الدراسات العربى الاوربى
245 1 0 _aالعالم العربى وتحدياتة فى ظل النظام العالمى الجديد /
_cمركز الدراسات العربى الاوربى
300 _a544 ص
490 _a
650 0 4 _aالعالم العربى
650 0 4 _aالتنمية الاقتصادية
650 0 4 _aالسياسة الخارجية
650 0 4 _aالعلاقات الخارجية
650 0 4 _aالامن القومى
650 0 4 _aالعالم العربى - الاحوال الاقتصادية
942 _2ddc
_cBK
999 _c38790
_d38790